Abstract of statistics 1999
Saved in:
| Format: | Book |
|---|---|
| Language: | English |
| Published: |
Valetta
National Statistics Office
2002
|
| Subjects: | |
| Tags: |
No Tags, Be the first to tag this record!
|
MARC
| LEADER | 00000nam a2200000 4500 | ||
|---|---|---|---|
| 001 | c133919 | ||
| 005 | 20221124091651.5 | ||
| 020 | |a 99909-81-78-7 | ||
| 022 | |a 0256-8047 | ||
| 041 | 0 | |a eng | |
| 044 | |a MT | ||
| 245 | 1 | 0 | |a Abstract of statistics 1999 |
| 264 | 1 | |a Valetta |b National Statistics Office |c 2002 | |
| 300 | |a 247 s. | ||
| 610 | 2 | 0 | |a štatistika |